000 00880pam a2200277 a 4500
008
020 _a0192615513 (hbk.)
049 _aMAIN
090 _aREF RC46
_bOXF
245 0 0 _aOxford textbook of medicine
_nvol. 2: sections 13-28 :
_bappendix, and index /
_cedited by D.J. Weatherall, J.G.G. Ledingham, D.A. Warrell.
250 _a2nd ed.
260 _aOxford :
_bOxford University Press,
_c1987.
300 _axxiv, [various pagings] :
_bill. ;
_c28 cm.
500 _aIncludes Index
504 _aIncludes bibliographical references.
650 0 _aInternal medicine.
650 2 _aMedicine.
700 1 _aWeatherall, D.J.
700 1 _aLedingham, J.G.G.
700 1 _aWarrell, D.A.
907 _a.b10256180
_b21-05-13
_c22-05-08
003
005 20230120204117.0
040 _cNUST
942 _cBOOKS
_kREF RC46
_mOXF
999 _c117304
_d117304